| 000 | 00000nam##2200000za#4500 |
| 001 | 9.696994 |
| 003 | CaOODSP |
| 005 | 20210624235302 |
| 007 | cr ||||||||||| |
| 008 | 150407|2013||||xxc|||||o f|0| 0 eng|d |
| 020 | |a978-1-100-21547-1 |
| 040 | |aCaOODSP|beng |
| 043 | |an-cn--- |
| 086 | 1 |aA118-10/22-2012E-PDF |
| 110 | 1 |aCanada.|bAgriculture and Agri-Food Canada. |bPest Management Centre. |
| 245 | 10|aCrop profile for potato in Canada, 2011 / |h[electronic resource]|cprepared by Pesticide Risk Reduction Program. |
| 260 | |aOttawa - Ontario : |bAgriculture and Agri-Food Canada. |c2013. |
| 300 | |a77p.|bcoloured map, references, tables |
| 590 | |a13-13|b2013-03-28 |
| 690 | 07|aVegetable crops|2gcpds |
| 775 | 08|tProfil de la culture de la pomme de terre au Canada, 2011 / |w(CaOODSP)9.641068 |
| 794 | |tCrop profile for potato in Canada, 2014 |w(CaOODSP)9.838474 |
| 856 | 40|ahttp://publications.gc.ca|qPDF|s1.98 MB|uhttps://publications.gc.ca/collections/collection_2013/aac-aafc/A118-10-22-2012-eng.pdf |
| 986 | |aAAFC No. 11948E |